Statystyki dla Gminy w powiecie żywieckim i bielskim

Kliknij tutaj aby rozwiązać quiz!

Ogólne statystyki

  • Ten quiz został rozwiązany 36 razy
  • Średni wynik to 14 z 25

Statystyki odpowiedzi

PowiatyTyp gminyOdpowiedź% Poprawnych
żywieckimiejskaŻywiec
97%
miejsko-wiejskaCzechowice-Dziedzice
87%
wiejskaKozy
70%
wiejskaMilówka
70%
bielskimiejskaSzczyrk
70%
wiejskaWęgierska Górka
67%
wiejskaŁodygowice
60%
wiejskaRajcza
60%
miejsko-wiejskaWilamowice
60%
wiejskaWilkowice
60%
wiejskaJeleśnia
57%
wiejskaUjsoły
57%
wiejskaJasienica
53%
wiejskaPorąbka
53%
wiejskaBuczkowice
50%
wiejskaJaworze
50%
wiejskaBestwina
47%
wiejskaCzernichów
47%
wiejskaLipowa
47%
wiejskaŚlemień
47%
wiejskaKoszarawa
43%
wiejskaRadziechowy-Wieprz
43%
wiejskaŚwinna
43%
wiejskaGilowice
40%
wiejskaŁękawica
37%

Rozkład punktacji

Percentyl według liczby udzielonych odpowiedzi

Procent ludzi z każdym wynikiem

Twoja historia wyników

Nie rozwiązałeś tego quizu